| 000 | 00614nam a2200205Ia 4500 | ||
|---|---|---|---|
| 001 | 13741 | ||
| 003 | GE_BSU | ||
| 008 | 181216s||||||||xx |||||||||||||| ||und|| | ||
| 040 | _cGE_BSU | ||
| 080 | _a821.353.1-32 | ||
| 100 | _aსულიაშვილი,დავით | ||
| 245 | _aმოთხრობები შორეულზე | ||
| 245 | _cრედ.ი.დოლიძე | ||
| 260 | _aთბილისი | ||
| 260 | _bსაბლიტგამი | ||
| 260 | _c1944 | ||
| 300 | _a165გვ.19სმ. | ||
| 653 | _aმოთხრობები შორეულზე | ||
| 942 | _cBK | ||
| 999 |
_c46888 _d46888 |
||